Reclaiming the Land: Rethinking Superfund Institutions, Methods and Practices / (Record no. 616709)

000 -LEADER
fixed length control field 00537nam a22001697a 4500
003 - CONTROL NUMBER IDENTIFIER
control field NUST
005 - DATE AND TIME OF LATEST TRANSACTION
control field 20260325154123.0
008 - FIXED-LENGTH DATA ELEMENTS--GENERAL INFORMATION
fixed length control field 260325b ||||| |||| 00| 0 eng d
020 ## - INTERNATIONAL STANDARD BOOK NUMBER
International Standard Book Number 978-0387488561
082 ## - DEWEY DECIMAL CLASSIFICATION NUMBER
Classification number 333.7315097
Author Mark MAC
100 ## - MAIN ENTRY--PERSONAL NAME
Personal name Gregg Macey, Jonathan Z. Cannon.
9 (RLIN) 133751
245 ## - TITLE STATEMENT
Title Reclaiming the Land: Rethinking Superfund Institutions, Methods and Practices /
Statement of responsibility, etc. Gregg Macey, Jonathan Z. Cannon.
260 ## - PUBLICATION, DISTRIBUTION, ETC.
Place of publication, distribution, etc. New York:
Name of publisher, distributor, etc. Springer,
Date of publication, distribution, etc. 2007.
300 ## - PHYSICAL DESCRIPTION
Extent 323 p ;
Dimensions 29.8 cm
563 ## - BINDING INFORMATION
Binding note Hardcover
942 ## - ADDED ENTRY ELEMENTS (KOHA)
Source of classification or shelving scheme
Koha item type Book
Holdings
Withdrawn status Lost status Source of classification or shelving scheme Damaged status Not for loan Permanent Location Current Location Date acquired Total Checkouts Full call number Barcode Date last seen Price effective from Koha item type
          Institute of Geographical Information Systems (IGIS) Institute of Geographical Information Systems (IGIS) 03/25/2026   333.7315097 MAC IGIS-1401 03/25/2026 03/25/2026 Book
© 2023 Central Library, National University of Sciences and Technology. All Rights Reserved.